|
|
|
|
| LEADER |
00000nab a2200000 a 4500 |
| 001 |
vtls011122725 |
| 003 |
SK-MaSNL |
| 005 |
20260303151205.0 |
| 008 |
230222|2014 xo |||||||||||||||||eng| |
| 015 |
|
|
|a SNBRB
|
| 035 |
|
|
|a (uuid)02e90d27-13e8-42b2-95a5-3b49f5dc8a3c
|
| 035 |
|
|
|a (urnnbn)urn:nbn:sk:snk:ar-a08x6q
|
| 035 |
|
|
|a urn:nbn:sk:snk-ab9upe
|
| 040 |
|
|
|a SNKBUCL
|b slo
|c SNKBUCL
|e AACR2
|
| 041 |
0 |
|
|a eng
|
| 044 |
|
|
|a xo
|c SK
|
| 100 |
1 |
|
|a Jurči, Peter,
|d 1968-
|4 aut
|9 212887
|
| 245 |
1 |
0 |
|a HEAT TREATMENT OF Cr- AND Cr-V LEDEBURITIC TOOL STEELS
|c Peter Jurči
|
| 773 |
0 |
|
|t Materiálové inžinierstvo
|g Roč. 21, č. 4 (2014), s. 129-141
|
| 958 |
|
|
|a OND
|
| 958 |
|
|
|a EUIPO
|
| 958 |
|
|
|a article13
|
| 999 |
|
|
|c 2016553
|d 2018483
|